000 00393 a2200169 4500
001 157109
020 _a851603674X
040 _cEscola São Tomás de Aquino
100 _aRODRIGUES, Rosicler Martins
240 1 0 _aO homem na pré-história
_lpor
245 1 0 _aO homem na pré-história
300 _a55 p.
362 0 _a2003
440 1 _aModerna
697 _aHISTÓRIA
942 _cBK
999 _c157109
_d157109